Paroles #4 : Les Voisines - Renan Luce - Statistiques

Statistiques générales
  • Ce quiz a été pris 171 fois
  • Le résultat moyen est 192 sur 268
Statistiques - réponses
Paroles % Correct
Le
100%
Les
100%
Voisines
100%
À
99%
Voisins
99%
J'ai
98%
Au
97%
Aux
97%
Préféré
97%
Toujours
97%
De
90%
Ma
84%
En
82%
Je
82%
La
82%
Fenêtre
81%
Un
80%
Qui
79%
Me
77%
Plexiglas
72%
Sur
72%
Face
71%
Et
68%
Dans
66%
Des
66%
J'caresse
64%
Une
64%
Du
62%
Ces
59%
Inventé
58%
Leurs
58%
Mon
56%
Tes
56%
Suis
55%
Quand
54%
Tu
54%
Amour
53%
Bal
53%
Cache
53%
Devant
53%
Par
53%
Dont
51%
Que
51%
Volets
51%
Maison
50%
C'est
49%
49%
Retraite
48%
Chinoises
47%
Fil
47%
Ombres
47%
Peu
47%
Sèchent
47%
Danse
46%
Sèche-linge
46%
Slips
46%
Balcons
45%
Coton
44%
Ta
44%
Toi
44%
Centaine
43%
Construite
43%
D'eau
43%
Inventeurs
43%
Ravalement
43%
Stores
43%
Dentelles
42%
D'façade
42%
Rideaux
42%
Goutte
41%
Mousseline
41%
Palissade
41%
Plus
41%
Vision
41%
Bien
40%
Champ
40%
Heure
40%
Jean
40%
Maudis
40%
Vénitiens
40%
Choisiras
39%
Environ
39%
Méninges
39%
Vent
39%
Ondulent
38%
Bas
36%
Découpent
36%
Grand
36%
Moindre
36%
Ton
36%
Gaines
35%
L'enfileras
35%
Puis
35%
Tranche
35%
D'immenses
34%
Mollets
34%
Noir
34%
Pervenche
34%
Central
33%
Or
33%
Épais
32%
Chauffage
31%
J'maudis
31%
Lèche-vitrine
31%
Techniciens
31%
Cache-poitrines
30%
Pantomime
29%
Transe
29%
Invitée
28%
Buée
27%
Concurrence
26%
Déloyale
26%
Glissent
26%
Quête
26%
Armoires
25%
Interrompt
25%
D'une
24%
Décision
23%
Dense
23%
Déshabillée
21%
Vident
20%
Séchais
15%
Aucun quiz correspondant
Distribution des résultats
% des personnes avec chaque résultat
Percentile par nombre de réponses
Votre historique - résultats
Vous n’avez pas pris ce quiz